000 00636nam a22002297i 4500
003 URS
005 20220117094744.0
008 171004b xxu||||| |||| 00| 0 eng d
020 _a9789719905721
040 _erda
_cURSP-College Library
_beng
050 _b512 Or3c 2014
100 1 _aOredina, Nora A.
245 _aCollege Algebra
_cNora A. Oredina
264 1 _aManila
_bMindshapers Company,Inc.
_c2014.
300 _avii, 157pages
_c23cm.
336 _atext
_btxt
_2rdacontent
337 _aunmediated
_bn
_2rdamedia
338 _avolume
_bnc
_2rdacarrier
500 _aIncludes bibliography
650 0 _aalgebra.
942 _2lcc
_cF
999 _c8424
_d8424